[Event "EU-ch Seniors 11th"]
[Site "Courmayeur"]
[Date "2011.04.09"]
[Round "4"]
[White "Renzini, Lorenzo"]
[Black "Schiappacasse, Marcello"]
[Result "1/2-1/2"]
[WhiteElo "1747"]
[BlackElo "1896"]
[PlyCount "70"]
[EventDate "2011.04.06"]
[EventType "swiss"]
[EventRounds "9"]
[EventCountry "ITA"]
[SourceTitle "CBM 141 Extra"]
[Source "ChessBase"]
[SourceDate "2011.05.03"]
[SourceVersion "1"]
[SourceVersionDate "2011.05.03"]
[SourceQuality "1"]

1. c4 e5 2. Nc3 Nf6 3. e3 Nc6 4. g3 d5 5. cxd5 Nxd5 6. Bg2 Be6 7. Nge2 Be7 8. 0-0 0-0 9. d4 exd4 10. Nxd4 Nxd4 11. exd4 c6 12. Ne4 Nf6 13. Nc5 Bxc5 14. dxc5 Qxd1 15. Rxd1 Rad8 16. Bf4 h6 17. Bd6 Rfe8 18. b4 Nd5 19. a3 a6 20. Re1 Nc3 21. Re3 Nd5 22. Bxd5 Bxd5 23. Rae1 Be6 24. f4 Bd7 25. Re7 Rxe7 26. Rxe7 Bc8 27. Kf2 f6 28. Ke3 Kh7 29. Ke4 Bd7 30. f5 Re8 31. h4 Rxe7+ 32. Bxe7 h5 33. Kf4 Kg8 34. Bd8 Kf7 35. Bc7 Bc8 1/2-1/2

[Event "ITA-ch Seniors 31st"]
[Site "Arvier"]
[Date "2009.04.30"]
[Round "7"]
[White "Schiappacasse, Marcello"]
[Black "Laco, Giuseppe"]
[Result "0-1"]
[WhiteElo "1920"]
[BlackElo "2133"]
[PlyCount "88"]
[EventDate "2009.04.24"]
[EventType "swiss"]
[EventRounds "9"]
[EventCountry "ITA"]
[SourceTitle "EXT 2011"]
[Source "ChessBase"]
[SourceDate "2010.11.26"]
[SourceVersion "1"]
[SourceVersionDate "2010.11.26"]
[SourceQuality "1"]

1. e4 c5 2. Nf3 e6 3. d3 d5 4. Nbd2 Nc6 5. g3 d4 6. Bg2 Qc7 7. a4 e5 8. Nc4 f6 9. 0-0 Be6 10. b3 Nge7 11. Ne1 g5 12. f4 gxf4 13. gxf4 0-0-0 14. f5 Bf7 15. Kh1 Kb8 16. Bd2 a5 17. Bf3 b6 18. Bh5 Bg8 19. Rg1 Ka7 20. Rg3 Ka6 21. Ng2 Na7 22. Qe2 Nac8 23. Rb1 Qc6 24. Nb2 Ka7 25. Rf1 Nd6 26. h4 Qb7 27. Kh2 Ne8 28. Bf3 h5 29. Rg1 Bh6 30. Ne1 Nd6 31. Kh3 Qd7 32. Kh2 Qc7 33. Kh1 Ndxf5 34. exf5 Nxf5 35. Rh3 Nd6 36. Ng2 Re8 37. Qf2 f5 38. Re1 e4 39. dxe4 fxe4 40. Bd1 Be6 41. Rg3 Nf5 42. Rg5 e3 43. Qf3 exd2 44. Rf1 Ne3 0-1

[Event "ITA-ch Seniors 31st"]
[Site "Arvier"]
[Date "2009.04.24"]
[Round "1"]
[White "Incelli, Renato"]
[Black "Schiappacasse, Marcello"]
[Result "0-1"]
[WhiteElo "1487"]
[BlackElo "1920"]
[PlyCount "26"]
[EventDate "2009.04.24"]
[EventType "swiss"]
[EventRounds "9"]
[EventCountry "ITA"]
[SourceTitle "EXT 2011"]
[Source "ChessBase"]
[SourceDate "2010.11.26"]
[SourceVersion "1"]
[SourceVersionDate "2010.11.26"]
[SourceQuality "1"]

1. c4 e5 2. Nc3 Nf6 3. d3 Bb4 4. Bd2 0-0 5. Nf3 Re8 6. g3 Bxc3 7. Bxc3 e4 8. dxe4 Nxe4 9. Qc2 Qe7 10. e3 b6 11. 0-0-0 Bb7 12. Rg1 Nxc3 13. Qxc3 Bxf3 0-1

[Event "Recco op 2nd"]
[Site "Recco"]
[Date "2008.11.29"]
[Round "2"]
[White "Pedini, Dario"]
[Black "Schiappacasse, Marcello"]
[Result "1/2-1/2"]
[WhiteElo "2123"]
[BlackElo "1890"]
[PlyCount "114"]
[EventDate "2008.11.28"]
[EventType "swiss"]
[EventRounds "5"]
[EventCountry "ITA"]
[SourceTitle "EXT 2011"]
[Source "ChessBase"]
[SourceDate "2010.11.26"]
[SourceVersion "1"]
[SourceVersionDate "2010.11.26"]
[SourceQuality "1"]

1. g3 e6 2. Bg2 c5 3. Nf3 Nc6 4. 0-0 g6 5. d4 cxd4 6. Nxd4 Bg7 7. Nb5 Nge7 8. Nd6+ Kf8 9. e4 Qc7 10. Nc3 a6 11. Bf4 e5 12. Bg5 f6 13. Be3 Nd4 14. Nxc8 Rxc8 15. f4 d6 16. Bh3 Rd8 17. Bxd4 exd4 18. Qxd4 f5 19. Qe3 Bxc3 20. bxc3 Re8 21. Qd4 Qc5 22. exf5 Nxf5 23. Bxf5 gxf5 24. Rad1 Kf7 25. Rf2 Qxd4 26. Rxd4 Re6 27. Rd5 Re1+ 28. Kg2 Ke6 29. c4 Rc8 30. Rd4 Re4 31. Rfd2 Rc6 32. Kf3 Rxd4 33. Rxd4 h5 34. h3 b5 35. cxb5 axb5 36. Rd2 Rc3+ 37. Kf2 b4 38. Re2+ Kd7 39. Kg2 Ra3 40. Rf2 Rxa2 41. g4 hxg4 42. hxg4 fxg4 43. Kg3 d5 44. f5 Ke8 45. Rf4 Rxc2 46. Rxb4 Rc4 47. Rb5 Rd4 48. Rb7 Re4 49. Rb5 d4 50. Rd5 Kf7 51. Rd6 Ke7 52. Rd5 Kf6 53. Kh4 Rf4 54. Kg3 Rxf5 55. Rxd4 Rg5 56. Ra4 Rg8 57. Ra5 Kf7 1/2-1/2

[Event "San Martino di Castrozza op 3rd"]
[Site "San Martino di Castrozza"]
[Date "2002.07.05"]
[Round "5"]
[White "Schiappacasse, Marcello"]
[Black "Pagano, Sergio"]
[Result "0-1"]
[WhiteElo "1761"]
[BlackElo "2222"]
[PlyCount "44"]
[EventDate "2002.07.01"]
[EventType "swiss"]
[EventRounds "7"]
[EventCountry "ITA"]
[SourceTitle "EXT 2007"]
[Source "ChessBase"]
[SourceDate "2006.11.23"]
[SourceVersion "1"]
[SourceVersionDate "2006.11.23"]
[SourceQuality "1"]

1. e4 c6 2. d4 d5 3. Nc3 dxe4 4. Nxe4 Nd7 5. Nf3 Ngf6 6. Ng3 g6 7. Bc4 Bg7 8. 0-0 0-0 9. h3 c5 10. dxc5 Nxc5 11. Be3 Qc7 12. Qe2 b6 13. c3 Bb7 14. Bxc5 Qxc5 15. Bb3 a5 16. Rfe1 a4 17. Bc2 a3 18. Bb3 axb2 19. Qxb2 Bxf3 20. gxf3 Nd5 21. Ne4 Qa5 22. Rad1 Nxc3 0-1

[Event "San Martino di Castrozza op 3rd"]
[Site "San Martino di Castrozza"]
[Date "2002.07.04"]
[Round "4"]
[White "Mayer, Frank"]
[Black "Schiappacasse, Marcello"]
[Result "1-0"]
[WhiteElo "2288"]
[BlackElo "1761"]
[PlyCount "49"]
[EventDate "2002.07.01"]
[EventType "swiss"]
[EventRounds "7"]
[EventCountry "ITA"]
[SourceTitle "EXT 2007"]
[Source "ChessBase"]
[SourceDate "2006.11.23"]
[SourceVersion "1"]
[SourceVersionDate "2006.11.23"]
[SourceQuality "1"]

1. e4 c5 2. f4 e6 3. Nc3 Nc6 4. Nf3 a6 5. a4 Qc7 6. g3 d6 7. Bg2 Nge7 8. 0-0 g6 9. Kh1 Bg7 10. Ne2 0-0 11. c3 Bd7 12. d4 cxd4 13. Nexd4 d5 14. e5 f6 15. exf6 Bxf6 16. Re1 Nxd4 17. Nxd4 e5 18. fxe5 Bxe5 19. Bf4 Bxf4 20. Rxe7 Bd6 21. Bxd5+ Kh8 22. Ne6 Bxe6 23. Rxc7 Bxd5+ 24. Qxd5 Bxc7 25. Qxb7 1-0

[Event "Arco op 22nd"]
[Site "Arco"]
[Date "2000.??.??"]
[Round "9"]
[White "Di Lao, Riccardo"]
[Black "Schiappacasse, Marcello"]
[Result "1-0"]
[WhiteElo "2138"]
[BlackElo "2021"]
[PlyCount "43"]
[EventDate "2000.10.??"]
[EventType "swiss"]
[EventRounds "9"]
[EventCountry "ITA"]
[SourceTitle "EXT 2001"]
[Source "ChessBase"]
[SourceDate "2000.11.22"]
[SourceVersion "1"]
[SourceVersionDate "2000.11.22"]
[SourceQuality "1"]

1. d4 Nf6 2. c4 c5 3. d5 b5 4. cxb5 a6 5. f3 g6 6. e4 d6 7. Nc3 Bg7 8. bxa6 Bxa6 9. Bxa6 Nxa6 10. Nge2 0-0 11. Be3 Qb8 12. Rb1 Nd7 13. 0-0 Nb6 14. b3 Nb4 15. a4 Rc8 16. Nb5 Qb7 17. Qd2 Ra6 18. h4 h5 19. g4 hxg4 20. h5 gxh5 21. Nf4 Bd4 22. Bxd4 1-0

[Event "Arco op 22nd"]
[Site "Arco"]
[Date "2000.??.??"]
[Round "1"]
[White "Schiappacasse, Marcello"]
[Black "Haldemann, Paul"]
[Result "0-1"]
[WhiteElo "2021"]
[BlackElo "2231"]
[PlyCount "34"]
[EventDate "2000.10.??"]
[EventType "swiss"]
[EventRounds "9"]
[EventCountry "ITA"]
[SourceTitle "EXT 2001"]
[Source "ChessBase"]
[SourceDate "2000.11.22"]
[SourceVersion "1"]
[SourceVersionDate "2000.11.22"]
[SourceQuality "1"]

1. d4 Nf6 2. Nf3 e6 3. g3 b6 4. Bg2 Bb7 5. 0-0 c5 6. c3 Be7 7. Nbd2 0-0 8. Re1 d5 9. e4 dxe4 10. Ng5 cxd4 11. Ndxe4 Nc6 12. cxd4 h6 13. Nh3 Qd7 14. Be3 Rfd8 15. Nf4 Na5 16. Nh5 Nxe4 17. Qg4 Ng5 0-1

[Event "Arco op 21st"]
[Site "Arco"]
[Date "1999.10.25"]
[Round "3"]
[White "Schiappacasse, Marcello"]
[Black "Svensson, Leif"]
[Result "1/2-1/2"]
[WhiteElo "2011"]
[BlackElo "2221"]
[PlyCount "62"]
[EventDate "1999.10.23"]
[EventType "swiss"]
[EventRounds "9"]
[EventCountry "ITA"]
[SourceTitle "EXT 2000"]
[Source "ChessBase"]
[SourceDate "1999.11.16"]
[SourceVersion "1"]
[SourceVersionDate "1999.11.16"]
[SourceQuality "1"]

1. Nf3 d5 2. c4 e6 3. d4 c6 4. Qc2 f5 5. g3 Nf6 6. Bg2 Be7 7. 0-0 0-0 8. b3 Ne4 9. Ba3 Nd6 10. Nbd2 Nd7 11. Ne5 Qe8 12. cxd5 exd5 13. Nxc6 bxc6 14. Bxd6 Bb7 15. Bxe7 Qxe7 16. e3 Rac8 17. Qb2 h5 18. h4 Qf6 19. Qa3 a6 20. Rac1 Rfe8 21. Nf3 Qf8 22. Qxf8+ Kxf8 23. Rc2 Ke7 24. Rfc1 Kd6 25. b4 Rb8 26. Bh3 g6 27. Bf1 Rec8 28. a3 Ra8 29. Rb2 Rcb8 30. Rcb1 Bc8 31. Bd3 a5 1/2-1/2